Random Pictures - Statistics

General Stats
  • This quiz has been taken 30 times
  • The average score is 13 of 16
Answer Stats
Picture Answer % Correct
Jesus
100%
Mushroom
100%
Titanic
100%
Rainbow
96%
Alligator
92%
Cinderella
85%
Leonardo DiCaprio
85%
Cupcake
81%
Pikachu
77%
Fred Flintstone
73%
Periodic Table
73%
Rat
73%
Tower Bridge
73%
Ecuador
54%
Ludwig van Beethoven
50%
Romeo and Juliet
42%
No matching quizzes found
Score Distribution
Percent of People with Each Score
Percentile by Number Answered
Your Score History
You have not taken this quiz